00513nam a22001697a 450000500170000001000150001702000260003203500140005803700130007208200080008510000180009324500440011126000340015527000930018930000220028250000390030420181215150352.0 aENG-124549 a9789385289231c995.00 aEN-108081 bDBAD/PUB a220 aKrishna Kumri aThe wisdom of india/cby Krishna kumari aNew Delhi bSolar Booksc2017 a4239A/1, Veer Sadan, Ansari Road (Behind Delhi Hospital) Darya Ganj,bNew Delhi e110002 a316p. c24cm.(Hb) aIt includes bibliography and index